000 00592nam a22002057a 4500
005 20260311140544.0
008 260311b |||||||| |||| 00| 0 eng d
037 _cDSWL
040 _aDSWL
_cDSWL
041 _heng
084 _aG:5509v Q6
100 _aKneale, Pauline
_91131669
245 _aStudy skills for geography earth and environmental science students
250 _a3rd
260 _aNew York,
_bRoutledge Publication,
_c2016
300 _a310p
365 _aINR
_b995
942 _2CC
_cTEXL
_hG:5509v Q6
_n0
999 _c1715120
_d1715120